000 00459nam a22001817a 4500
003 koha_MIRAKIL
005 20231213100214.0
008 231213b |||||||| |||| 00| 0 ||| d
040 _aTR-IsEVY
_btur
_cTR-IsEVY
082 _a823 SWİ/G
100 _aSwift, Jonathan.
245 0 _aGulliver'in seyahatleri
260 _bDeniz Yayıncılık,
_c2003
300 _a115 s.
650 _aEnglish fiction.
650 _aİngiliz romanı.
942 _2ddc
_cBK
999 _c16239
_d16239